书目信息 |
| 题名: |
黄帝内经·素问译注
|
|
| 作者: | 崔为 译注 | |
| 分册: | ||
| 出版信息: | 哈尔滨 黑龙江人民出版社 2003 |
|
| 页数: | 555页 | |
| 开本: | 22cm | |
| 丛书名: | 二十二子详注全译 | |
| 单 册: | ||
| 中图分类: | R221.1 | |
| 科图分类: | ||
| 主题词: | 中医--基础理论 | |
| 电子资源: | ||
| ISBN: | 7-207-04394-5 | |
| 000 | 00796oam2 2200277 450 | |
| 001 | 080000011538 | |
| 005 | 20051205104015.54 | |
| 010 | @a7-207-04394-5@dCNY509.10(全套) | |
| 092 | @aCN | |
| 100 | @a20050627e20042003ekmy0chiy0120 ea | |
| 101 | 0 | @achi |
| 102 | @aCN@b230000 | |
| 105 | @ay z 000yy | |
| 200 | 1 | @a黄帝内经·素问译注@9huang di nei jing· su wen yi zhu@f崔为译注@Fcui wei yi zhu |
| 210 | @a哈尔滨@c黑龙江人民出版社@d2003@h2004重印 | |
| 215 | @a555页@d22cm | |
| 225 | 2 | @a二十二子详注全译@f韩格平,董莲池主编 |
| 461 | 0 | @12001 @a二十二子详注全译 |
| 605 | @a素问@x注释 | |
| 605 | @a素问@x译文 | |
| 606 | 0 | @a中医@x基础理论 |
| 690 | @aR221.1@v4 | |
| 701 | 0 | @a崔为@Acui wei@4译注 |
| 801 | 0 | @aCN@bCXYBOOK@c20051205 |
| 905 | @a10447@dR221.1@e130 | |
| 999 | @aHSJ@eGLX | |
| 黄帝内经·素问译注/崔为译注.-哈尔滨:黑龙江人民出版社,2003(2004重印) |
| 555页;22cm.-(二十二子详注全译/韩格平,董莲池主编) |
| ISBN 7-207-04394-5:CNY509.10(全套) |
| ● |
| 相关链接 |
|
|
|
|
正题名:黄帝内经·素问译注
索取号:R221.1/130
 
预约/预借
| 序号 | 登录号 | 条形码 | 馆藏地/架位号 | 状态 | 备注 |
| 1 | 0369771 | 203697712 | 第二样本阅览室/ [索取号:R221.1/130] | 在馆 | |
| 2 | 0369772 | 203697721 | 第三借阅区/ [索取号:R221.1/130] |
已借出,限还日期为2023.12.16 借出人:张久利 |
|
| 3 | 0370011 | 203700110 | 第三借阅区/ [索取号:R221.1/130] | 在馆 | |
| 4 | 0370012 | 203700129 | 第三借阅区/ [索取号:R221.1/130] | 在馆 | |
| 5 | 0370013 | 203700138 | 第三借阅区/ [索取号:R221.1/130] | 在馆 |